000 00376nam a2200145 i 4500
001 bg
100 1 _aGrzywa, Edward
_d(1933- ).
245 0 _aTechnologia podstawowych syntez organicznych /
_cB. Grzywa, J. Molenda.
260 _aWarszawa,
_c1987.
700 1 _aMolenda, Jacek.
040 _cBPK
041 _apol
942 _cKS
008 s pl f |000 0 pol
999 _c23723
_d23723
856 _uhttp://koha.tu.koszalin.pl/cgi-bin/koha/opac-detail.pl?biblionumber=23723
_yKatalog online BPK